00651 2200229 4500001002100000005001700021008004100038020002200079035002400101082001200125090002200137245007300159250001000232260002700242300002800269650003800297700002700335850001600362980001500378985000600393999002200399YOGYA-0209000004669820090227031237.0 ind  a978-979-27-0044-6 0010-020900000046698 a005.369 a005.369bAyolDEP aAyo belajar mudah microsoft word 2007ceditor, Agnes Heni Triyuliana aEd. 1 aYogyakartabAndic2007 avi, 78 hlmbilusc19 cm aMicrosoft word (Program komputer) aTriyuliana, Agnes Heni aYOPDYOG (M) a13-12-2007 a1 aCB-D.11 2007-553h